| 000 | 00868nam a2200205Ia 4500 | ||
|---|---|---|---|
| 999 |
_c36510 _d36510 |
||
| 001 | 2428 | ||
| 003 | GE_BSU | ||
| 005 | 20211207110638.0 | ||
| 008 | 181216s2010||||ge |||||||||||||| ||geo|| | ||
| 040 | _cGE_BSU | ||
| 041 | _ageo | ||
| 080 | _a338.22 შ–48 | ||
| 100 |
_aშენგელია, თეიმურაზ _9814 |
||
| 245 |
_aგლობალური ბიზნესი = Global business : _b [სახელმძღვ. სტუდ.] / _cთეიმურაზ შენგელია ; [რედ. რევაზ გველესიანი]. |
||
| 264 |
_aთბილისი, _c2010. |
||
| 300 |
_a640 გვ.: _b ცხრ., ფოტ., ნახ., სქ. ; _c 24 სმ. |
||
| 653 | _aბიზნესი | ||
| 700 |
_aგველესიანი, რევაზ _eრედაქტორი _93195 |
||
| 942 |
_cBK _2udc |
||